[Event "Verbandsliga Suedbaden 1819"]
[Site "Baden"]
[Date "2019.03.10"]
[Round "7.1"]
[White "Reinhart, Emmanuel"]
[Black "Lodici, Lorenzo"]
[Result "1/2-1/2"]
[WhiteElo "2393"]
[BlackElo "2482"]
[PlyCount "167"]
[EventDate "2018.10.14"]
[EventType "team-tourn"]
[EventRounds "9"]
[EventCountry "GER"]
[SourceTitle "EXT 2020"]
[Source "ChessBase"]
[SourceDate "2019.10.17"]
[SourceVersion "1"]
[SourceVersionDate "2019.10.17"]
[SourceQuality "1"]
[WhiteTeam "Oberwinden"]
[BlackTeam "Emmendingen II"]
[WhiteTeamCountry "GER"]
[BlackTeamCountry "GER"]

1. e4 e5 2. Nf3 Nc6 3. Bb5 a6 4. Ba4 d6 5. 0-0 Bd7 6. c3 g6 7. d4 Bg7 8. dxe5 dxe5 9. Bg5 f6 10. Be3 Nh6 11. Bc5 Bf8 12. Bxf8 Kxf8 13. Qd2 Nf7 14. Rd1 Be8 15. Qe3 Qe7 16. Nbd2 Kg7 17. Nf1 Ncd8 18. Bb3 Ne6 19. Nh4 Bd7 20. Qd2 Rad8 21. Ne3 Nf4 22. g3 Bc8 23. Qe1 Nh3+ 24. Kg2 c6 25. Qe2 Nd6 26. f3 Ng5 27. Rd3 Bh3+ 28. Kg1 Ne6 29. Rd2 Rhf8 30. Rad1 Kh8 31. Qf2 f5 32. exf5 gxf5 33. Neg2 Nf7 34. Qe3 f4 35. gxf4 exf4 36. Nxf4 Qg5+ 37. Nfg2 Rxd2 38. Rxd2 Qxe3+ 39. Nxe3 Ne5 40. Bxe6 Bxe6 41. Kf2 Bxa2 42. Kg3 Kg7 43. Ng4 Nxg4 44. fxg4 Be6 45. Rd6 Kf7 46. Nf5 h5 47. h3 hxg4 48. hxg4 Rh8 49. Nd4 Bc8 50. g5 Ke7 51. Rh6 Rxh6 52. gxh6 Kf6 53. Kf4 c5 54. h7 Kg7 55. Nb3 b6 56. Ke5 Kxh7 57. Kd6 Kg6 58. Nd2 Kf5 59. Kc7 Be6 60. Kxb6 Kf4 61. Kxc5 Ke3 62. Nc4+ Kd3 63. Na3 Kd2 64. Kd4 Kc1 65. b4 Kb2 66. Nc4+ Kb3 67. Nb6 Bg8 68. Nd7 Ka4 69. Nf6 Be6 70. Kc5 Kb3 71. Ne4 Bf5 72. Nd6 Bd3 73. Kd4 Bh7 74. Ne8 Bg8 75. Nf6 Bc4 76. Ne4 Be2 77. Nc5+ Ka3 78. Nb7 Ka4 79. Kc5 Kb3 80. c4 Kc3 81. Nd6 Kb3 82. b5 axb5 83. cxb5 Bxb5 84. Nxb5 1/2-1/2

[Event "HUN-chT 1718"]
[Site "Hungary"]
[Date "2017.11.26"]
[Round "2.3"]
[White "Reinhart, Emmanuel"]
[Black "Havasi, Gergo"]
[Result "1-0"]
[WhiteElo "2401"]
[BlackElo "2377"]
[PlyCount "87"]
[EventDate "2017.11.25"]
[EventType "team-tourn"]
[EventRounds "9"]
[EventCountry "HUN"]
[SourceTitle "CBM 181 Extra"]
[Source "ChessBase"]
[SourceDate "2017.12.12"]
[SourceVersion "1"]
[SourceVersionDate "2017.12.12"]
[SourceQuality "1"]
[WhiteTeam "Budapest MTK"]
[BlackTeam "Husi"]
[WhiteTeamCountry "HUN"]
[BlackTeamCountry "HUN"]

1. e4 e5 2. Nf3 Nc6 3. Bb5 a6 4. Ba4 Nf6 5. 0-0 Be7 6. Re1 b5 7. Bb3 0-0 8. h3 d6 9. c3 Na5 10. Bc2 c5 11. d3 Bb7 12. Nbd2 Nd7 13. Nf1 f5 14. Ne3 f4 15. Nd5 Nb6 16. b4 cxb4 17. Nxe7+ Qxe7 18. cxb4 Nc6 19. a3 Kh8 20. Bb2 a5 21. bxa5 Rxa5 22. Bc3 Ra6 23. d4 Rfa8 24. Bb3 Na4 25. Bd2 Nb6 26. Bd5 Ra4 27. Bxc6 Bxc6 28. Bb4 Qf6 29. Rc1 Be8 30. dxe5 dxe5 31. Rc5 Bh5 32. Rxb5 Nc8 33. Rd5 Ne7 34. Rd6 Qf8 35. Rd7 Rxb4 36. axb4 Ng6 37. Qd6 Bxf3 38. gxf3 Qg8 39. Rd1 Nh4 40. Rd8 Nxf3+ 41. Kf1 Rxd8 42. Qxd8 Nd4 43. Qxg8+ Kxg8 44. Rxd4 1-0

[Event "Verbandsliga Suedbaden 1718"]
[Site "Baden"]
[Date "2017.11.05"]
[Round "2.1"]
[White "Flick, Antoine"]
[Black "Reinhart, Emmanuel"]
[Result "1-0"]
[WhiteElo "2333"]
[BlackElo "2396"]
[PlyCount "83"]
[EventDate "2017.10.08"]
[EventType "team-tourn"]
[EventRounds "9"]
[EventCountry "GER"]
[SourceTitle "EXT 2019"]
[Source "ChessBase"]
[SourceDate "2018.10.10"]
[SourceVersion "1"]
[SourceVersionDate "2018.10.10"]
[SourceQuality "1"]
[WhiteTeam "Heitersheim"]
[BlackTeam "Oberwinden"]
[WhiteTeamCountry "GER"]
[BlackTeamCountry "GER"]

1. d4 d5 2. Nf3 Nf6 3. c4 c6 4. Qc2 dxc4 5. Qxc4 Bf5 6. Nc3 e6 7. g3 Be7 8. Bg2 0-0 9. 0-0 Nbd7 10. Bf4 h6 11. Rac1 a5 12. Qb3 g5 13. Bd2 Ne4 14. Nxe4 Bxe4 15. Qe3 Bg6 16. Rfd1 Qb6 17. h4 Qxb2 18. hxg5 hxg5 19. Nxg5 Qxa2 20. Ra1 Qc4 21. Be4 Bxe4 22. Qxe4 Nf6 23. Qf3 Rad8 24. e4 Rxd4 25. Bc3 Rfd8 26. Bxd4 Rxd4 27. e5 Rxd1+ 28. Rxd1 Qg4 29. exf6 Qxf3 30. Nxf3 Bxf6 31. Rb1 b5 32. Rc1 a4 33. Rxc6 a3 34. Ra6 b4 35. Nd2 Kf8 36. Kf1 Ke8 37. Ke2 Kd7 38. Kd3 Kc7 39. Kc4 Kb7 40. Kb5 Bd4 41. f3 Bc3 42. Nb3 1-0

[Event "Pontevedra op 4th"]
[Site "Pontevedra"]
[Date "2016.08.13"]
[Round "8"]
[White "Reinhart, Emmanuel"]
[Black "Maksimenko, Andrei"]
[Result "0-1"]
[WhiteElo "2385"]
[BlackElo "2486"]
[PlyCount "48"]
[EventDate "2016.08.08"]
[EventType "swiss"]
[EventRounds "9"]
[EventCountry "ESP"]
[SourceTitle "CBM 173 Extra"]
[Source "ChessBase"]
[SourceDate "2016.08.29"]
[SourceVersion "1"]
[SourceVersionDate "2016.08.29"]
[SourceQuality "1"]

1. e4 c5 2. Nf3 e6 3. d4 cxd4 4. Nxd4 a6 5. Nc3 Qc7 6. Qf3 d6 7. Be3 b5 8. e5 Bb7 9. exd6 Bxd6 10. Qg4 Be5 11. 0-0-0 Nf6 12. Qxg7 Rg8 13. Qh6 Nbd7 14. Nf3 Bxf3 15. gxf3 Rc8 16. Bd3 Bxc3 17. bxc3 Qxc3 18. Qh4 Ne5 19. Qd4 Qa3+ 20. Kb1 Nd5 21. Bd2 Nxf3 22. Qb2 Nxd2+ 23. Rxd2 Nc3+ 24. Kc1 Nxa2+ 0-1

[Event "Oberliga Baden 1516"]
[Site "Baden"]
[Date "2015.09.20"]
[Round "1.3"]
[White "Eschbach, Dennis"]
[Black "Reinhart, Emmanuel"]
[Result "1-0"]
[WhiteElo "2401"]
[BlackElo "2349"]
[PlyCount "75"]
[EventDate "2015.09.20"]
[EventType "team-tourn"]
[EventRounds "9"]
[EventCountry "GER"]
[SourceTitle "EXT 2018"]
[Source "ChessBase"]
[SourceDate "2017.10.13"]
[SourceVersion "1"]
[SourceVersionDate "2017.10.13"]
[SourceQuality "1"]
[WhiteTeam "Waldshut Tiengen"]
[BlackTeam "Oberwinden"]
[WhiteTeamCountry "GER"]
[BlackTeamCountry "GER"]

1. e4 c6 2. Nc3 d5 3. Nf3 Bg4 4. h3 Bh5 5. exd5 cxd5 6. Bb5+ Nc6 7. g4 Bg6 8. Ne5 Rc8 9. d4 e6 10. h4 f6 11. Nxg6 hxg6 12. Qd3 Kf7 13. Be3 Bb4 14. Bxc6 Rxc6 15. Bd2 Bxc3 16. Bxc3 f5 17. h5 gxh5 18. gxf5 Qg5 19. Qb5 Qxf5 20. Qxb7+ Ne7 21. 0-0-0 Qf4+ 22. Bd2 Qxd4 23. Qb3 Qc4 24. Qf3+ Nf5 25. Bc3 Ke7 26. Rhe1 g6 27. Rxd5 Rhc8 28. Ra5 R8c7 29. Kb1 Rb6 30. Ra3 Rd7 31. Qa8 Rbb7 32. Qh8 Kd6 33. Be5+ Ke7 34. Qf6+ Ke8 35. Rc3 Qd5 36. Rc8+ Rd8 37. Rxd8+ Qxd8 38. Qh8+ 1-0

[Event "Charleroi op"]
[Site "Charleroi"]
[Date "2015.08.06"]
[Round "7"]
[White "Sumets, Andrey"]
[Black "Reinhart, Emmanuel"]
[Result "1-0"]
[WhiteElo "2596"]
[BlackElo "2343"]
[PlyCount "101"]
[EventDate "2015.08.01"]
[EventType "swiss"]
[EventRounds "9"]
[EventCountry "BEL"]
[SourceTitle "CBM 167 Extra"]
[Source "ChessBase"]
[SourceDate "2015.09.14"]
[SourceVersion "1"]
[SourceVersionDate "2015.09.14"]
[SourceQuality "1"]

1. d4 d5 2. c4 c6 3. Nc3 Nf6 4. e3 g6 5. Nf3 Bg7 6. Be2 0-0 7. 0-0 Be6 8. b3 Ne4 9. Bb2 Nxc3 10. Bxc3 Nd7 11. Rc1 Nf6 12. cxd5 Bxd5 13. Ne5 a5 14. Qc2 Be4 15. Qb2 Nd5 16. Bd2 Bf5 17. Rfd1 Qb6 18. Be1 Rfe8 19. Bc4 f6 20. Nf3 Kh8 21. Qe2 Be6 22. e4 Nf4 23. Qe3 Bxc4 24. Rxc4 Ne6 25. Bc3 Red8 26. Qe1 a4 27. Rxa4 Rxa4 28. bxa4 Qa6 29. a5 Qc4 30. a3 Nf4 31. Ba1 Qe6 32. h3 Qb3 33. Rb1 Qxa3 34. Kh2 Rd7 35. Qe3 Qxe3 36. fxe3 Ne6 37. Kg3 Kg8 38. Rb6 Kf7 39. Bc3 Bh6 40. Kf2 c5 41. d5 Ng5 42. Nd2 f5 43. exf5 Rxd5 44. Ke2 Bg7 45. Bxg7 Kxg7 46. fxg6 c4 47. Nxc4 hxg6 48. Rxb7 Rc5 49. Kd3 Rd5+ 50. Kc2 Ne6 51. Rb6 1-0

[Event "Basel op"]
[Site "Basel"]
[Date "2015.01.02"]
[Round "2"]
[White "Reinhart, Emmanuel"]
[Black "Rapport, Richard"]
[Result "0-1"]
[WhiteElo "2344"]
[BlackElo "2716"]
[PlyCount "66"]
[EventDate "2015.01.01"]
[EventType "swiss"]
[EventRounds "7"]
[EventCountry "SUI"]
[SourceTitle "CBM 164 Extra"]
[Source "ChessBase"]
[SourceDate "2015.03.02"]
[SourceVersion "1"]
[SourceVersionDate "2015.03.02"]
[SourceQuality "1"]

1. e4 c5 2. Nf3 a6 3. c4 Nc6 4. d4 cxd4 5. Nxd4 e5 6. Nc2 Bc5 7. Bd3 d6 8. 0-0 Nge7 9. Nc3 0-0 10. Be3 Be6 11. Nd5 Bxe3 12. Ncxe3 Nd4 13. Nxe7+ Qxe7 14. Nc2 Nc6 15. Qd2 Rac8 16. Rfd1 Qh4 17. Qe3 Ne7 18. g3 Qf6 19. b3 Nc6 20. Be2 Qe7 21. Bf3 Rfd8 22. Qe2 Qc7 23. Bg4 Rd7 24. Kg2 Rf8 25. Rd3 Qa5 26. Ne3 Nd4 27. Qd2 Qc5 28. Qd1 g6 29. Bxe6 fxe6 30. Qg4 Rdf7 31. Rf1 Qc6 32. Nd1 h5 33. Qh4 Nf5 0-1

[Event "Reunion op 16th"]
[Site "St Denis"]
[Date "2014.10.18"]
[Round "3"]
[White "Mezouaghi, Miloud"]
[Black "Reinhart, Emmanuel"]
[Result "0-1"]
[WhiteElo "2037"]
[BlackElo "2355"]
[PlyCount "64"]
[EventDate "2014.10.18"]
[EventType "swiss"]
[EventRounds "9"]
[EventCountry "RUF"]
[SourceTitle "EXT 2015"]
[Source "ChessBase"]
[SourceDate "2014.11.20"]
[SourceVersion "1"]
[SourceVersionDate "2014.11.20"]
[SourceQuality "1"]

1. c4 c6 2. Nf3 d5 3. g3 Nf6 4. Bg2 Bf5 5. 0-0 e6 6. b3 Nbd7 7. Bb2 Be7 8. d3 h6 9. Nbd2 0-0 10. Re1 Bh7 11. Qc2 a5 12. a3 Qb6 13. Qc3 Rfd8 14. Rad1 Bc5 15. d4 Bf8 16. Ne5 Nxe5 17. dxe5 d4 18. Qf3 Nd7 19. Qf4 g5 20. Qxd4 Bc5 21. Qc3 Bxf2+ 22. Kh1 Bxe1 23. Rxe1 Nc5 24. Rf1 Rd7 25. h4 Qd8 26. Nf3 Ne4 27. Qe1 Qb6 28. hxg5 Rad8 29. Kh2 hxg5 30. Qc1 Qxb3 31. Nxg5 Qxg3+ 32. Kh1 Nxg5 0-1

[Event "Basel op"]
[Site "Basel"]
[Date "2014.01.02"]
[Round "2"]
[White "Reinhart, Emmanuel"]
[Black "Popov, Ivan1111"]
[Result "0-1"]
[WhiteElo "2343"]
[BlackElo "2650"]
[PlyCount "72"]
[EventDate "2014.01.01"]
[EventType "swiss"]
[EventRounds "7"]
[EventCountry "SUI"]
[SourceTitle "CBM 158 Extra"]
[Source "ChessBase"]
[SourceDate "2014.02.28"]
[SourceVersion "1"]
[SourceVersionDate "2014.02.28"]
[SourceQuality "1"]

1. e4 c5 2. Nf3 d6 3. d4 cxd4 4. Nxd4 Nf6 5. Nc3 a6 6. Be2 g6 7. Be3 Bg7 8. 0-0 0-0 9. Nb3 Nc6 10. f4 Be6 11. Bf3 Nd7 12. Nd4 Qb6 13. Na4 Bxd4 14. Nxb6 Bxe3+ 15. Kh1 Bxb6 16. c3 Nf6 17. Qe2 Rfd8 18. f5 Bd7 19. g4 Ne5 20. g5 Bb5 21. Qg2 Bxf1 22. Rxf1 Ne8 23. Bd1 Nc4 24. Bb3 d5 25. Qh3 Nd2 26. fxg6 hxg6 27. Rf4 Bc7 28. Rh4 Be5 29. Bxd5 Nc7 30. Qd3 e6 31. c4 Nxc4 32. Qxc4 exd5 33. exd5 Nxd5 34. Qb3 Nf4 35. Rg4 Rac8 36. Rg1 Rd2 0-1

[Event "Basel op"]
[Site "Basel"]
[Date "2014.01.01"]
[Round "1"]
[White "Haenggi, Markus"]
[Black "Reinhart, Emmanuel"]
[Result "0-1"]
[WhiteElo "2062"]
[BlackElo "2343"]
[PlyCount "98"]
[EventDate "2014.01.01"]
[EventType "swiss"]
[EventRounds "7"]
[EventCountry "SUI"]
[SourceTitle "CBM 158 Extra"]
[Source "ChessBase"]
[SourceDate "2014.02.28"]
[SourceVersion "1"]
[SourceVersionDate "2014.02.28"]
[SourceQuality "1"]

1. e4 c6 2. d4 d5 3. f3 e6 4. Nc3 Bb4 5. Bd2 Bxc3 6. Bxc3 dxe4 7. d5 exf3 8. Qxf3 Nf6 9. dxc6 Nxc6 10. Bb5 Qd5 11. Qe2 0-0 12. Rd1 Qe4 13. Bxf6 Qxe2+ 14. Nxe2 gxf6 15. 0-0 f5 16. Nf4 Ne7 17. Rf3 e5 18. Nd5 Nxd5 19. Rxd5 e4 20. Rf1 Be6 21. Rd4 Rfd8 22. Rfd1 Rxd4 23. Rxd4 Rc8 24. c3 Kg7 25. a3 Kf6 26. Kf2 Ke5 27. g3 f4 28. gxf4+ Kxf4 29. Bd7 Rd8 30. Ba4 Rxd4 31. cxd4 e3+ 32. Ke1 Ke4 33. Bc2+ Kxd4 34. Bxh7 Bh3 35. Bg8 f5 36. Be6 Ke5 37. Bc8 Bg2 38. h4 Bf3 39. b4 f4 40. a4 Kd4 41. h5 Bxh5 42. Bxb7 Kc3 43. a5 Kxb4 44. a6 Kc3 45. Be4 f3 46. Bc6 Bg4 47. Bd5 f2+ 48. Kf1 Kd2 49. Bc4 Bh3# 0-1

[Event "Reunion op 15th"]
[Site "St Denis"]
[Date "2013.10.17"]
[Round "7"]
[White "Reinhart, Emmanuel"]
[Black "Roos, Louis"]
[Result "1-0"]
[WhiteElo "2326"]
[BlackElo "2360"]
[PlyCount "45"]
[EventDate "2013.10.12"]
[EventType "swiss"]
[EventRounds "9"]
[EventCountry "RUF"]
[SourceTitle "EXT 2014"]
[Source "ChessBase"]
[SourceDate "2013.11.20"]
[SourceVersion "1"]
[SourceVersionDate "2013.11.20"]
[SourceQuality "1"]

1. Nf3 d5 2. d4 e6 3. Bg5 f6 4. Bf4 c5 5. e3 Nc6 6. c4 cxd4 7. exd4 Bb4+ 8. Nc3 Nge7 9. Bd3 dxc4 10. Bxc4 Nd5 11. Bd2 Nb6 12. Bb3 Na5 13. Bc2 Nac4 14. 0-0 Nxd2 15. Qxd2 Bd7 16. Qe2 Bxc3 17. bxc3 Rc8 18. Bb3 Rxc3 19. d5 a6 20. Rfd1 e5 21. Nxe5 Qe7 22. Qh5+ g6 23. Nxg6 1-0

[Event "Reunion op 14th"]
[Site "St Denis"]
[Date "2012.10.08"]
[Round "4"]
[White "Reinhart, Emmanuel"]
[Black "Boos, Olivier"]
[Result "1-0"]
[WhiteElo "2312"]
[BlackElo "2014"]
[PlyCount "66"]
[EventDate "2012.10.06"]
[EventType "swiss"]
[EventRounds "9"]
[EventCountry "RUF"]
[SourceTitle "EXT 2013"]
[Source "ChessBase"]
[SourceDate "2012.11.22"]
[SourceVersion "1"]
[SourceVersionDate "2012.11.22"]
[SourceQuality "1"]

1. e4 e5 2. Nf3 Nc6 3. Bb5 Nd4 4. Ba4 Nxf3+ 5. Qxf3 c6 6. 0-0 d6 7. c3 Nf6 8. d4 Qc7 9. Bb3 Be7 10. h3 0-0 11. Nd2 Bd7 12. Re1 Rad8 13. dxe5 dxe5 14. Nf1 Bc8 15. Ng3 Nd7 16. Nf5 Nc5 17. Bc2 Bf6 18. Be3 Ne6 19. Bb3 c5 20. g3 c4 21. Bc2 b5 22. a4 a6 23. axb5 axb5 24. Ra7 Bb7 25. Nh6+ Kh8 26. Ng4 Qe7 27. Nxf6 gxf6 28. Bh6 Rfe8 29. Rxb7 Qxb7 30. Qxf6+ Kg8 31. Qxe5 Rb8 32. Qf5 Qc8 33. e5 Nf8 1-0

[Event "Reunion op 14th"]
[Site "St Denis"]
[Date "2012.10.07"]
[Round "3"]
[White "Linder, Oliver"]
[Black "Reinhart, Emmanuel"]
[Result "0-1"]
[WhiteElo "1980"]
[BlackElo "2312"]
[PlyCount "104"]
[EventDate "2012.10.06"]
[EventType "swiss"]
[EventRounds "9"]
[EventCountry "RUF"]
[SourceTitle "EXT 2013"]
[Source "ChessBase"]
[SourceDate "2012.11.22"]
[SourceVersion "1"]
[SourceVersionDate "2012.11.22"]
[SourceQuality "1"]

1. d4 c6 2. Nf3 Nf6 3. e3 d5 4. c4 a6 5. a4 Bf5 6. Qb3 Qc7 7. Nbd2 Nbd7 8. Be2 h6 9. Nf1 e6 10. Ng3 Bh7 11. Bd2 Ne4 12. Bc3 Bd6 13. Rc1 Nxc3 14. bxc3 0-0 15. c5 Be7 16. 0-0 Rfb8 17. c4 b6 18. cxb6 Rxb6 19. Qd1 Rb4 20. cxd5 exd5 21. Bd3 Bxd3 22. Qxd3 Rxa4 23. Qb3 Ra5 24. Nf5 Bf8 25. Qc2 Rc8 26. Nd2 Rb5 27. Ra1 a5 28. Rfc1 Nb6 29. e4 dxe4 30. Qxe4 Qd7 31. Ne3 Nd5 32. Nec4 Bb4 33. Ne5 Qe6 34. Qd3 f6 35. Nef3 Nf4 36. Qc4 Rd5 37. Re1 Qg4 38. g3 Kh8 39. Re4 Bxd2 40. Nxd2 Nh3+ 41. Kg2 Qf5 42. f4 g5 43. fxg5 Nxg5 44. Rf4 Qh3+ 45. Kg1 Qe6 46. Qd3 Nh3+ 47. Kh1 Nxf4 48. gxf4 Rg8 49. Rg1 Rb5 50. Rc1 Qd5+ 51. Nf3 Rb3 52. Rc3 Qxf3+ 0-1

[Event "Reunion op 14th"]
[Site "St Denis"]
[Date "2012.10.07"]
[Round "2"]
[White "Reinhart, Emmanuel"]
[Black "Rajaonson, Andriamahenina"]
[Result "1-0"]
[WhiteElo "2312"]
[BlackElo "1897"]
[PlyCount "50"]
[EventDate "2012.10.06"]
[EventType "swiss"]
[EventRounds "9"]
[EventCountry "RUF"]
[SourceTitle "EXT 2013"]
[Source "ChessBase"]
[SourceDate "2012.11.22"]
[SourceVersion "1"]
[SourceVersionDate "2012.11.22"]
[SourceQuality "1"]

1. e4 e6 2. d4 d5 3. e5 c5 4. c3 Nc6 5. Nf3 Bd7 6. Be2 Qb6 7. 0-0 cxd4 8. cxd4 f6 9. Nc3 fxe5 10. dxe5 Nge7 11. Be3 Qa5 12. Bd3 g6 13. Nb5 Nf5 14. Bd2 Qb6 15. a4 Na5 16. g4 Nh6 17. Be3 Qd8 18. Bg5 Qb6 19. Rc1 Bxb5 20. Bxb5+ Nc6 21. Nd4 Rc8 22. Nxe6 Nf7 23. Be3 Qa5 24. Qxd5 Nfd8 25. Rfd1 Bb4 1-0

[Event "Reunion op 14th"]
[Site "St Denis"]
[Date "2012.10.06"]
[Round "1"]
[White "Strate, Wolfgang"]
[Black "Reinhart, Emmanuel"]
[Result "0-1"]
[WhiteElo "1689"]
[BlackElo "2312"]
[PlyCount "58"]
[EventDate "2012.10.06"]
[EventType "swiss"]
[EventRounds "9"]
[EventCountry "RUF"]
[SourceTitle "EXT 2013"]
[Source "ChessBase"]
[SourceDate "2012.11.22"]
[SourceVersion "1"]
[SourceVersionDate "2012.11.22"]
[SourceQuality "1"]

1. d4 c6 2. e4 d5 3. Nc3 dxe4 4. Nxe4 Bf5 5. Ng3 Bg6 6. Nf3 Nd7 7. Bd3 e6 8. 0-0 Ngf6 9. Re1 Qc7 10. Ne5 Nxe5 11. dxe5 Nd7 12. f4 Bc5+ 13. Be3 Rd8 14. Bxg6 hxg6 15. Bxc5 Nxc5 16. Qf3 Qb6 17. Qe3 Rh4 18. Ne4 Nxe4 19. Qxb6 axb6 20. Rxe4 Rd2 21. Rae1 Kd7 22. h3 c5 23. R1e3 Rxc2 24. Rd3+ Kc7 25. b4 Rh8 26. a3 Rd8 27. Rxd8 Kxd8 28. b5 Rb2 29. a4 Rb4 0-1